NBA Team Name to City - Statistics

General Stats
  • This quiz has been taken 19 times
  • The average score is 28 of 30
Answer Stats
Team Name Location % Correct
Celtics Boston
100%
Bulls Chicago
100%
Pistons Detroit
100%
Rockets Houston
100%
Lakers Los Angeles
100%
Clippers Los Angeles
100%
Grizzlies Memphis
100%
Heat Miami
100%
Bucks Milwaukee
100%
Knicks New York City
100%
Thunder Oklahoma City
100%
76ers Philadelphia
100%
Raptors Toronto
100%
Nets Brooklyn
93%
Cavaliers Cleveland
93%
Nuggets Denver
93%
Kings Sacramento
93%
Spurs San Antonio
93%
Wizards Washington D.C.
93%
Hawks Atlanta
87%
Hornets Charlotte
87%
Timberwolves Minneapolis
87%
Suns Phoenix
87%
Trail Blazers Portland
87%
Jazz Salt Lake City
87%
Warriors San Francisco
87%
Mavericks Dallas
80%
Pacers Indianapolis
80%
Pelicans New Orleans
80%
Magic Orlando
80%
No matching quizzes found
Score Distribution
Percent of People with Each Score
Percentile by Number Answered
Your Score History
You have not taken this quiz